00630nam a22001937a 4500003000900000005001700009008003000026020001500056040002200071100001800093245006200111260006500173300002800238490002800266490004600294700002300340830002700363830004600390DO-SdBNP20180214103347.0160718 2000 pe a spa d a8420458430 aBPMSUbspacBPMSU1 aEslava, Jorge13aEl maromero /cJorge Eslava ; ilustraciones Aldo Shiroma  aSantafé de Bogota, Colombia : bAlfaguara,bUnicef,c2000. a29 p. :bil. ;c29 cm. 0 aDerechos del niño v90 aDerechos a recibir auxilio y protección12aShiroma, Aldoeil. 0aDerechos del niñon9 0aDerecho a recibir auxilio y protección